[Event "POL-ch blitz"]
[Site "Suwalki"]
[Date "2022.09.24"]
[Round "2"]
[White "Socko, Bartosz"]
[Black "Plesiuk, Andrzej"]
[Result "1-0"]
[WhiteElo "2630"]
[BlackElo "1992"]
[PlyCount "57"]
[EventDate "2022.09.24"]
[EventType "swiss (blitz)"]
[EventRounds "15"]
[EventCountry "POL"]
[SourceTitle "CBM 210 Extra"]
[Source "ChessBase"]
[SourceDate "2022.11.30"]
[SourceVersion "1"]
[SourceVersionDate "2022.11.30"]
[SourceQuality "1"]

1. d4 d5 2. c4 c6 3. Nf3 Nf6 4. Nbd2 Bf5 5. Nh4 Bg6 6. Qb3 Qb6 7. Qh3 Na6 8. Nxg6 fxg6 9. c5 Qc7 10. Qc3 e5 11. e3 exd4 12. exd4 Nb8 13. Bd3 Be7 14. Nf3 Nbd7 15. Be3 Ng4 16. Bd2 Ndf6 17. h3 Nh6 18. Ne5 Ne4 19. Bxe4 dxe4 20. Bxh6 gxh6 21. 0-0 Rf8 22. Rae1 Rf4 23. g3 Rf5 24. Rxe4 0-0-0 25. Qe3 Rdf8 26. Nxc6 Bg5 27. Re8+ Rxe8 28. Qxe8+ Bd8 29. Qe6+ 1-0

[Event "Augustow Golden Rook op 53rd"]
[Site "Augustow"]
[Date "2011.06.01"]
[Round "6.5"]
[White "Plesiuk, Andrzej"]
[Black "Sowul, Bartosz"]
[Result "1/2-1/2"]
[WhiteElo "2193"]
[BlackElo "2178"]
[PlyCount "77"]
[EventDate "2011.05.29"]
[EventType "team-swiss"]
[EventRounds "9"]
[EventCountry "POL"]
[SourceTitle "EXT 2023"]
[Source "ChessBase"]
[SourceDate "2022.10.05"]
[SourceVersion "1"]
[SourceVersionDate "2022.10.05"]
[SourceQuality "1"]
[WhiteTeam "Gizycko"]
[BlackTeam "Suwalki Hancza"]
[WhiteTeamCountry "POL"]
[BlackTeamCountry "POL"]

1. c4 g6 2. Nc3 Bg7 3. g3 e5 4. Bg2 Nc6 5. Rb1 d6 6. b4 f5 7. d3 Nf6 8. e3 0-0 9. Nge2 Ne7 10. Nd5 Nexd5 11. cxd5 Bd7 12. b5 Qe8 13. Qb3 b6 14. 0-0 g5 15. f3 Qh5 16. Qc4 Rac8 17. Nc3 Kh8 18. Rb3 Bh6 19. h3 g4 20. hxg4 fxg4 21. f4 exf4 22. exf4 Bg7 23. Ra3 Bf5 24. Rxa7 Nd7 25. Ne4 Nc5 26. Bd2 Qg6 27. Re1 Rfe8 28. a4 Ra8 29. Rxa8 Rxa8 30. Nxc5 bxc5 31. Be4 Bd4+ 32. Be3 Bf6 33. Bd2 Bd4+ 34. Kg2 Qh5 35. Rh1 Qe8 36. Re1 Qh5 37. Rh1 Qe8 38. Re1 Rxa4 39. Qc2 1/2-1/2

[Event "Augustow Golden Rook op 53rd"]
[Site "Augustow"]
[Date "2011.05.30"]
[Round "2.17"]
[White "Plesiuk, Andrzej"]
[Black "Bardeli, Lukasz"]
[Result "0-1"]
[WhiteElo "2193"]
[BlackElo "2332"]
[PlyCount "95"]
[EventDate "2011.05.29"]
[EventType "team-swiss"]
[EventRounds "9"]
[EventCountry "POL"]
[SourceTitle "EXT 2023"]
[Source "ChessBase"]
[SourceDate "2022.10.05"]
[SourceVersion "1"]
[SourceVersionDate "2022.10.05"]
[SourceQuality "1"]
[WhiteTeam "Gizycko"]
[BlackTeam "Gniezno LKS Chrobry"]
[WhiteTeamCountry "POL"]
[BlackTeamCountry "POL"]

1. e4 Nf6 2. e5 Nd5 3. d4 d6 4. Nf3 Bg4 5. Be2 c6 6. 0-0 Bxf3 7. Bxf3 dxe5 8. dxe5 e6 9. c4 Ne7 10. Qxd8+ Kxd8 11. b3 Nd7 12. Bb2 g5 13. Bh5 Ng6 14. Bxg6 hxg6 15. Nd2 Bg7 16. Ne4 Bxe5 17. Bxe5 Nxe5 18. Nxg5 Ke7 19. Ne4 Rhd8 20. Rfd1 b6 21. Kf1 c5 22. Nc3 Nc6 23. Rxd8 Rxd8 24. Rd1 Rh8 25. h3 g5 26. f3 f5 27. Kf2 Nd4 28. Rh1 e5 29. Rb1 Ke6 30. Re1 Rh7 31. Rd1 a6 32. Na4 Rb7 33. g3 Kd6 34. h4 b5 35. cxb5 axb5 36. Nc3 gxh4 37. gxh4 b4 38. Ne2 Rh7 39. Rh1 e4 40. fxe4 fxe4 41. h5 Ke6 42. h6 Nf5 43. Rc1 Kd6 44. Rc4 e3+ 45. Kf3 Rxh6 46. Kf4 Rh2 47. Ng1 Rf2+ 48. Ke4 0-1

[Event "POL-chT 58th 1st League"]
[Site "Ustron"]
[Date "2002.??.??"]
[Round "?"]
[White "Skalik, Przemyslaw"]
[Black "Plesiuk, Andrzej"]
[Result "0-1"]
[WhiteElo "2414"]
[BlackElo "2186"]
[PlyCount "92"]
[EventDate "2002.09.07"]
[EventType "team-tourn"]
[EventRounds "9"]
[EventCountry "POL"]
[SourceTitle "EXT 2019"]
[Source "ChessBase"]
[SourceDate "2018.10.10"]
[SourceVersion "1"]
[SourceVersionDate "2018.10.10"]
[SourceQuality "1"]
[WhiteTeam "Kozuchow Odrodzenie"]
[BlackTeam "Olsztyn Lacznosc"]
[WhiteTeamCountry "POL"]
[BlackTeamCountry "POL"]

1. e4 c5 2. Nc3 e6 3. g3 Nc6 4. Bg2 g6 5. d3 Bg7 6. Be3 d6 7. Qd2 Rb8 8. Nf3 Nd4 9. Bxd4 cxd4 10. Nb5 Qb6 11. Qb4 Kd7 12. e5 dxe5 13. Nd2 Ne7 14. Nc4 Qa6 15. Qc5 Nd5 16. Bxd5 exd5 17. Qxd5+ Ke7 18. Qc5+ Kd7 19. Qc7+ Ke6 20. Qxb8 Qxb5 21. 0-0 Qa6 22. Rae1 f6 23. Qc7 Bd7 24. Qa5 Qxa5 25. Nxa5 b6 26. Nc4 Rc8 27. f4 b5 28. Na3 Bf8 29. Nb1 Rxc2 30. fxe5 f5 31. Rf2 Rc7 32. Nd2 Bh6 33. Nf1 b4 34. Rfe2 Bb5 35. Rd1 Ba4 36. b3 Bb5 37. a3 bxa3 38. Ra2 Bf8 39. Nd2 Bxd3 40. Nf3 Be4 41. Nxd4+ Kxe5 42. Nb5 Rb7 43. Nxa3 Rxb3 44. Nc4+ Kf6 45. Nd6 Bf3 46. Rdd2 Bh6 0-1

[Event "Augustow op-A"]
[Site "Augustow"]
[Date "1996.??.??"]
[Round "?"]
[White "Bilinskas, Raimundas"]
[Black "Plesiuk, Andrzej"]
[Result "0-1"]
[WhiteElo "2250"]
[BlackElo "2205"]
[PlyCount "62"]
[EventDate "1996.??.??"]
[EventType "swiss"]
[EventRounds "9"]
[EventCountry "POL"]
[SourceTitle "EXT 2003"]
[Source "ChessBase"]
[SourceDate "2002.11.25"]
[SourceVersion "1"]
[SourceVersionDate "2002.11.25"]
[SourceQuality "1"]

1. d4 Nf6 2. c4 e6 3. Nf3 Bb4+ 4. Nc3 b6 5. g3 Bb7 6. Bg2 0-0 7. 0-0 Bxc3 8. bxc3 d6 9. d5 Re8 10. Nd4 e5 11. Nf5 Bc8 12. e4 Bxf5 13. exf5 Nfd7 14. Qh5 Qe7 15. Bd2 Na6 16. Rae1 Nac5 17. g4 f6 18. Re3 Qf7 19. Qh4 h6 20. Rfe1 e4 21. Bxe4 Ne5 22. Bg2 Nxc4 23. Rxe8+ Rxe8 24. Be3 Nd3 25. Re2 Nf4 26. Re1 Nxg2 27. Kxg2 Qxd5+ 28. Kg1 Ne5 29. Qh5 Re7 30. Rc1 Qxa2 31. Qh3 Qe2 0-1

[Event "Augustow op-A"]
[Site "Augustow"]
[Date "1996.??.??"]
[Round "?"]
[White "Galkiewicz, Dariusz"]
[Black "Plesiuk, Andrzej"]
[Result "1-0"]
[WhiteElo "2115"]
[BlackElo "2205"]
[PlyCount "55"]
[EventDate "1996.??.??"]
[EventType "swiss"]
[EventRounds "9"]
[EventCountry "POL"]
[SourceTitle "EXT 2003"]
[Source "ChessBase"]
[SourceDate "2002.11.25"]
[SourceVersion "1"]
[SourceVersionDate "2002.11.25"]
[SourceQuality "1"]

1. d4 Nf6 2. c4 e6 3. Nc3 Bb4 4. Qc2 b6 5. f3 Nc6 6. e3 Bb7 7. Bd3 0-0 8. Nh3 d5 9. a3 Be7 10. cxd5 exd5 11. Bd2 a6 12. g4 g6 13. Nf4 Na5 14. h4 c5 15. g5 Ne8 16. dxc5 d4 17. Ne4 bxc5 18. h5 c4 19. Be2 d3 20. Qc3 Bxe4 21. fxe4 Nb3 22. hxg6 Bf6 23. gxh7+ Kh8 24. gxf6 Qxf6 25. Qxf6+ Nxf6 26. Bc3 Kg7 27. Rd1 dxe2 28. Rd6 1-0

[Event "Augustow op-A"]
[Site "Augustow"]
[Date "1996.??.??"]
[Round "?"]
[White "Ostrowski, Andrzej"]
[Black "Plesiuk, Andrzej"]
[Result "1-0"]
[WhiteElo "2265"]
[BlackElo "2205"]
[PlyCount "78"]
[EventDate "1996.??.??"]
[EventType "swiss"]
[EventRounds "9"]
[EventCountry "POL"]
[SourceTitle "EXT 2003"]
[Source "ChessBase"]
[SourceDate "2002.11.25"]
[SourceVersion "1"]
[SourceVersionDate "2002.11.25"]
[SourceQuality "1"]

1. d4 Nf6 2. c4 e6 3. Nf3 Bb4+ 4. Bd2 Qe7 5. e3 Ne4 6. Bd3 Nxd2 7. Nbxd2 0-0 8. 0-0 Bxd2 9. Qxd2 d6 10. e4 e5 11. h3 a5 12. b3 Nd7 13. Rfe1 Re8 14. d5 Nf6 15. Bf1 Nh5 16. g3 g6 17. Kh2 Rf8 18. Bg2 Bd7 19. a3 Ng7 20. b4 b6 21. c5 f5 22. cxb6 cxb6 23. Rac1 Bb5 24. exf5 Nxf5 25. Ng5 Rac8 26. Rxc8 Rxc8 27. bxa5 bxa5 28. Ne6 Bd7 29. Qxa5 Bxe6 30. dxe6 Nd4 31. a4 Kg7 32. Qb6 Rc2 33. Kg1 Qf6 34. Qb7+ Kh6 35. Qf7 Qxf7 36. exf7 Kg7 37. Ra1 Rc5 38. Rb1 Kxf7 39. Rb7+ Kf6 1-0

[Event "Augustow op-A"]
[Site "Augustow"]
[Date "1996.??.??"]
[Round "?"]
[White "Plesiuk, Andrzej"]
[Black "Boder, Boguslaw"]
[Result "1-0"]
[WhiteElo "2205"]
[BlackElo "2000"]
[PlyCount "93"]
[EventDate "1996.??.??"]
[EventType "swiss"]
[EventRounds "9"]
[EventCountry "POL"]
[SourceTitle "EXT 2003"]
[Source "ChessBase"]
[SourceDate "2002.11.25"]
[SourceVersion "1"]
[SourceVersionDate "2002.11.25"]
[SourceQuality "1"]

1. e4 c5 2. Nc3 e6 3. Nge2 d5 4. exd5 exd5 5. d4 c4 6. g3 Bb4 7. Bg2 Ne7 8. 0-0 0-0 9. Bg5 f6 10. Be3 Be6 11. a3 Ba5 12. b3 Bxc3 13. Nxc3 cxb3 14. cxb3 Nbc6 15. Re1 Bf7 16. b4 Qd7 17. Rc1 Rfc8 18. Qa4 Nf5 19. Rcd1 a5 20. Qb5 axb4 21. axb4 Nd6 22. Qc5 b6 23. Qxb6 Rcb8 24. Qc5 Nb7 25. Qb5 Nd6 26. Qf1 Nxb4 27. Bf4 Rc8 28. Rc1 Nc4 29. Ra1 g5 30. Rxa8 Rxa8 31. Be3 Nc2 32. Rc1 N4xe3 33. fxe3 Nxe3 34. Qxf6 Qf5 35. Nxd5 Re8 36. Qxf5 Nxf5 37. Nf6+ Kg7 38. Nxe8+ Bxe8 39. d5 Kf6 40. Re1 Bf7 41. Kf2 g4 42. Ke2 Ke5 43. Kd3+ Kd6 44. Kc4 h5 45. Be4 Ne7 46. Ra1 Nxd5 47. Rd1 1-0

[Event "Augustow op-A"]
[Site "Augustow"]
[Date "1996.??.??"]
[Round "?"]
[White "Plesiuk, Andrzej"]
[Black "Lewandowski, Rafal"]
[Result "1/2-1/2"]
[WhiteElo "2205"]
[BlackElo "2165"]
[PlyCount "54"]
[EventDate "1996.??.??"]
[EventType "swiss"]
[EventRounds "9"]
[EventCountry "POL"]
[SourceTitle "EXT 2003"]
[Source "ChessBase"]
[SourceDate "2002.11.25"]
[SourceVersion "1"]
[SourceVersionDate "2002.11.25"]
[SourceQuality "1"]

1. e4 c5 2. Nc3 e6 3. g3 d5 4. exd5 exd5 5. Bg2 d4 6. Qe2+ Be7 7. Nd5 Nc6 8. d3 Be6 9. Nf4 Qd7 10. Nxe6 Qxe6 11. Qxe6 fxe6 12. a3 Bf6 13. Nf3 Nge7 14. 0-0 Kd7 15. Re1 h6 16. h4 Rae8 17. Rb1 a5 18. b3 Nd5 19. Bd2 Nc3 20. Rbc1 b6 21. Nh2 Ne7 22. Bh3 Ned5 23. Ng4 Kd6 24. Bg2 Re7 25. a4 Ra7 26. f4 Rd7 27. Bxc3 Nxc3 1/2-1/2

[Event "POL-chB"]
[Site "Bielsko Biala"]
[Date "1991.??.??"]
[Round "6"]
[White "Kornasiewicz, Stanislaw"]
[Black "Plesiuk, Andrzej"]
[Result "1-0"]
[WhiteElo "2275"]
[BlackElo "2225"]
[PlyCount "135"]
[EventDate "1991.??.??"]
[EventType "swiss"]
[EventRounds "11"]
[EventCountry "POL"]
[SourceTitle "EXT 1997"]
[Source "ChessBase"]
[SourceDate "1996.11.15"]
[SourceVersion "1"]
[SourceVersionDate "1996.11.15"]
[SourceQuality "1"]

1. Nf3 Nf6 2. d4 e6 3. e3 b6 4. Bd3 Bb7 5. Nbd2 d5 6. 0-0 Nbd7 7. Qe2 Ne4 8. Ne5 Nxe5 9. dxe5 Nc5 10. f4 g6 11. b3 Be7 12. Bb2 Qd7 13. Rad1 0-0-0 14. Bb5 c6 15. Bd3 Kb8 16. a4 h5 17. Ra1 h4 18. h3 Rhg8 19. a5 Kc7 20. Rf2 Rdf8 21. Nf3 Qd8 22. Nd4 Qd7 23. Bc3 f5 24. exf6 Bxf6 25. b4 Nxd3 26. Qxd3 g5 27. fxg5 Bxg5 28. Rxf8 Rxf8 29. Nf3 Be7 30. Qg6 c5 31. axb6+ axb6 32. bxc5 Bxc5 33. Bd4 Bd6 34. Rb1 b5 35. Bf6 Bg3 36. Nxh4 Bxh4 37. Bxh4 d4 38. Rd1 e5 39. exd4 exd4 40. Bf2 Qe7 41. Rxd4 Rf6 42. Qg3+ Kc8 43. Rg4 Bc6 44. Qc3 Qf7 45. Qc5 Rh6 46. Qg5 Rh7 47. c3 Qd5 48. Qxd5 Bxd5 49. Rg5 Bc6 50. Bd4 Rh4 51. Bc5 Kd7 52. Bb4 Rh6 53. Kh2 Ke6 54. Rc5 Kf7 55. Re5 Rf6 56. Kg1 Kg7 57. Re3 Rf5 58. g4 Rf4 59. Kh2 Bd5 60. Kg3 Rf1 61. Rd3 Bc4 62. Rf3 Rh1 63. Bc5 Rb1 64. h4 Be2 65. Re3 Bc4 66. h5 Rg1+ 67. Kf4 Rf1+ 68. Kg5 1-0

[Event "POL-chB"]
[Site "Bielsko Biala"]
[Date "1991.??.??"]
[Round "4"]
[White "Plesiuk, Andrzej"]
[Black "Przewoznik, Jan"]
[Result "0-1"]
[WhiteElo "2225"]
[BlackElo "2395"]
[PlyCount "90"]
[EventDate "1991.??.??"]
[EventType "swiss"]
[EventRounds "11"]
[EventCountry "POL"]
[SourceTitle "EXT 1997"]
[Source "ChessBase"]
[SourceDate "1996.11.15"]
[SourceVersion "1"]
[SourceVersionDate "1996.11.15"]
[SourceQuality "1"]

1. e4 e6 2. d4 d5 3. exd5 exd5 4. Bd3 Bd6 5. Ne2 Nc6 6. c3 Nge7 7. Bf4 Ng6 8. Bg3 Nce7 9. Qc2 Bg4 10. Nd2 Qd7 11. Nf1 0-0-0 12. Ne3 Be6 13. 0-0-0 h5 14. Bxd6 Qxd6 15. Nf5 Nxf5 16. Bxf5 Rde8 17. g3 Bxf5 18. Qxf5+ Kb8 19. Qd3 Re4 20. Ng1 Rhe8 21. Nf3 Qf6 22. Rd2 h4 23. Rf1 a6 24. Kd1 Qe7 25. Kc1 Ka7 26. Rdd1 Qf6 27. Kd2 Qf5 28. Rde1 Qg4 29. Kc2 f6 30. Kd2 R8e7 31. Rh1 Kb8 32. Rhf1 Qh3 33. Rg1 Qd7 34. a3 Qe8 35. Rgf1 R7e6 36. Rd1 hxg3 37. hxg3 Ne7 38. Kc1 Nc6 39. Kb1 Na5 40. Ka2 Qa4 41. Nd2 Re2 42. Rb1 Rxd2 43. Qxd2 Qc4+ 44. b3 Nxb3 45. Rxb3 Qxf1 0-1

[Event "POL-chB"]
[Site "Bielsko Biala"]
[Date "1991.??.??"]
[Round "1"]
[White "Weglarz, Leszek"]
[Black "Plesiuk, Andrzej"]
[Result "1-0"]
[WhiteElo "2360"]
[BlackElo "2225"]
[PlyCount "107"]
[EventDate "1991.??.??"]
[EventType "swiss"]
[EventRounds "11"]
[EventCountry "POL"]
[SourceTitle "EXT 1997"]
[Source "ChessBase"]
[SourceDate "1996.11.15"]
[SourceVersion "1"]
[SourceVersionDate "1996.11.15"]
[SourceQuality "1"]

1. d4 Nf6 2. c4 e6 3. Nc3 Bb4 4. e3 b6 5. Nge2 Bb7 6. a3 Bxc3+ 7. Nxc3 Ne4 8. Qg4 0-0 9. Nxe4 f5 10. Qg5 Bxe4 11. Qxd8 Rxd8 12. f3 Bb7 13. Bd2 d6 14. Bd3 Nd7 15. Ke2 Rf8 16. b4 c5 17. Bc3 Rac8 18. Rhc1 e5 19. dxc5 dxc5 20. Bc2 Rf7 21. b5 e4 22. fxe4 fxe4 23. Rf1 Rcf8 24. Rxf7 Rxf7 25. Ke1 Kf8 26. Bd1 Nf6 27. a4 Ke7 28. a5 Kd8 29. axb6 axb6 30. Ra2 Kd7 31. Rf2 Ke6 32. g4 h6 33. h4 g5 34. hxg5 hxg5 35. Rf5 Nh7 36. Re5+ Kd6 37. Re8 Kd7 38. Rb8 Kd6 39. Be2 Ke6 40. Re8+ Kd7 41. Rb8 Ke6 42. Rg8 Kd7 43. Rg6 Kc8 44. Rxb6 Nf8 45. Rh6 Kd7 46. Bd1 Ke7 47. Rb6 Ke8 48. Bf6 Nh7 49. Bb2 Nf8 50. Ba3 Rc7 51. Rh6 Bc8 52. b6 Rb7 53. Rh8 Rxb6 54. Rxf8+ 1-0